<?xml version="1.0" encoding="UTF-8"?><?xml-stylesheet type="text/xsl" href="static/style.xsl"?><OAI-PMH xmlns="http://www.openarchives.org/OAI/2.0/" xmlns:xsi="http://www.w3.org/2001/XMLSchema-instance" xsi:schemaLocation="http://www.openarchives.org/OAI/2.0/ http://www.openarchives.org/OAI/2.0/OAI-PMH.xsd"><responseDate>2026-04-17T07:44:51Z</responseDate><request verb="GetRecord" identifier="oai:www.recercat.cat:10459.1/467219" metadataPrefix="marc">https://recercat.cat/oai/request</request><GetRecord><record><header><identifier>oai:recercat.cat:10459.1/467219</identifier><datestamp>2025-09-15T18:25:02Z</datestamp><setSpec>com_2072_3622</setSpec><setSpec>col_2072_479130</setSpec></header><metadata><record xmlns="http://www.loc.gov/MARC21/slim" xmlns:dcterms="http://purl.org/dc/terms/" xmlns:xsi="http://www.w3.org/2001/XMLSchema-instance" xmlns:doc="http://www.lyncode.com/xoai" xsi:schemaLocation="http://www.loc.gov/MARC21/slim http://www.loc.gov/standards/marcxml/schema/MARC21slim.xsd">
   <leader>00925njm 22002777a 4500</leader>
   <datafield ind2=" " ind1=" " tag="042">
      <subfield code="a">dc</subfield>
   </datafield>
   <datafield ind2=" " ind1=" " tag="720">
      <subfield code="a">Kutchartt, Erico</subfield>
      <subfield code="e">author</subfield>
   </datafield>
   <datafield ind2=" " ind1=" " tag="720">
      <subfield code="a">González-Olabarria, José Ramón</subfield>
      <subfield code="e">author</subfield>
   </datafield>
   <datafield ind2=" " ind1=" " tag="720">
      <subfield code="a">Trasobares, Antoni</subfield>
      <subfield code="e">author</subfield>
   </datafield>
   <datafield ind2=" " ind1=" " tag="720">
      <subfield code="a">Aquilué, Núria</subfield>
      <subfield code="e">author</subfield>
   </datafield>
   <datafield ind2=" " ind1=" " tag="720">
      <subfield code="a">Guerra-Hernández, Juan</subfield>
      <subfield code="e">author</subfield>
   </datafield>
   <datafield ind2=" " ind1=" " tag="720">
      <subfield code="a">Nunes, Leónia</subfield>
      <subfield code="e">author</subfield>
   </datafield>
   <datafield ind2=" " ind1=" " tag="720">
      <subfield code="a">Sequeira, Ana Catarina</subfield>
      <subfield code="e">author</subfield>
   </datafield>
   <datafield ind2=" " ind1=" " tag="720">
      <subfield code="a">Botequim, Brigite</subfield>
      <subfield code="e">author</subfield>
   </datafield>
   <datafield ind2=" " ind1=" " tag="720">
      <subfield code="a">Hauglin, Marius</subfield>
      <subfield code="e">author</subfield>
   </datafield>
   <datafield ind2=" " ind1=" " tag="720">
      <subfield code="a">Palaiologou, Palaiologos</subfield>
      <subfield code="e">author</subfield>
   </datafield>
   <datafield ind2=" " ind1=" " tag="720">
      <subfield code="a">Cardil Forradellas, Adrián</subfield>
      <subfield code="e">author</subfield>
   </datafield>
   <datafield ind2=" " ind1=" " tag="720">
      <subfield code="a">Rogai, Martino</subfield>
      <subfield code="e">author</subfield>
   </datafield>
   <datafield ind2=" " ind1=" " tag="720">
      <subfield code="a">Vassilev, Vassil</subfield>
      <subfield code="e">author</subfield>
   </datafield>
   <datafield ind2=" " ind1=" " tag="720">
      <subfield code="a">Pimont, Francois</subfield>
      <subfield code="e">author</subfield>
   </datafield>
   <datafield ind2=" " ind1=" " tag="720">
      <subfield code="a">Martin-Ducup, Olivier</subfield>
      <subfield code="e">author</subfield>
   </datafield>
   <datafield ind2=" " ind1=" " tag="720">
      <subfield code="a">Pirotti, Francesco</subfield>
      <subfield code="e">author</subfield>
   </datafield>
   <datafield ind2=" " ind1=" " tag="260">
      <subfield code="c">2024</subfield>
   </datafield>
   <datafield ind2=" " ind1=" " tag="520">
      <subfield code="a">Canopy base height (CBH) and canopy bulk density (CBD) are forest canopy fuel parameters that are key for modeling the behavior of crown wildfires. In this work, we map them at a pan-European scale for the year 2020, producing a new dataset consisting of two raster layers containing both variables at an approximate resolution of 100 m. Spatial data from Earth observation missions and derived down-stream products were retrieved and processed using artificial intelligence to first estimate a map of aboveground biomass (AGB). Allometric models were then used to estimate the spatial distribution of CBH using the canopy height values as explanatory variables and CBD using AGB values. Ad-hoc allometric models were defined for this study. Data provided by FIRE-RES project partners and acquired through field inventories was used for validating the final products using an independent dataset of 804 ground-truth sample plots. The CBH and CBD raster maps have, respectively, the following accuracy regarding specific metrics reported from the modeling procedures: (i) coefficient of correlation (R) of 0.445 and 0.330 (p-value &lt; 0.001); (ii) root mean square of error (RMSE) of 3.9 m and 0.099 kg m−3; and (iii) a mean absolute percentage error (MAPE) of 61% and 76%. Regarding CBD, the accuracy metrics improved in closed canopies (canopy cover > 80%) to R = 0.457, RMSE = 0.085, and MAPE = 59%. In short, we believe that the degree of accuracy is reasonable in the resulting maps, producing CBH and CBD datasets at the pan-European scale to support fire mitigation and crown fire simulations.</subfield>
   </datafield>
   <datafield ind2=" " ind1=" " tag="520">
      <subfield code="a">This research was funded by the European Union’sHorizon 2020 Research and Innovation Programme through the project entitled “Innovative technologies &amp; socio-ecological-economic solutions for fire resilient terri-tories in Europe – FIRE-RES” under grant agreement Nº101037419. The field data collected in Portugal was funded by the Foundation for Science and Technology(FCT), Portugal to Dr. Guerra-Hernández [#CEECIND/02576/2022]. Dra. Núria Aquilué was supported by a Juan de la Cierva fellowship of the Spanish Ministry of Science and Innovation [FCJ2020-046387-I]. Dr. Erico Kutchartt was supported by Fondazione Cassa di Risparmio di Padova e Rovigo (CARIPARO). Cloud cluster processing was supported by the Agritech National Research Center and received funding from the European Union Next-Generation EU [Piano Nazionale di Ripresae Resilienza (PNRR) – Missione 4 Componente 2, Investimento 1.4 – D.D. 1032 17/06/2022, CN00000022].</subfield>
   </datafield>
   <datafield tag="653" ind2=" " ind1=" ">
      <subfield code="a">Satellite data</subfield>
   </datafield>
   <datafield tag="653" ind2=" " ind1=" ">
      <subfield code="a">Allometric equations</subfield>
   </datafield>
   <datafield tag="653" ind2=" " ind1=" ">
      <subfield code="a">Machine learning</subfield>
   </datafield>
   <datafield tag="653" ind2=" " ind1=" ">
      <subfield code="a">Aboveground biomass</subfield>
   </datafield>
   <datafield tag="653" ind2=" " ind1=" ">
      <subfield code="a">Forest fires</subfield>
   </datafield>
   <datafield tag="653" ind2=" " ind1=" ">
      <subfield code="a">Fire simulations</subfield>
   </datafield>
   <datafield tag="653" ind2=" " ind1=" ">
      <subfield code="a">Decision support systems</subfield>
   </datafield>
   <datafield ind2="0" ind1="0" tag="245">
      <subfield code="a">Satellite-based mapping of canopy fuels at the pan-European scale</subfield>
   </datafield>
</record></metadata></record></GetRecord></OAI-PMH>